Responses for Show #22 - Tuesday, October 9, 1984

Game entered from audiorecording. Missing prizes.

Contestants

[<< previous game]

Andi Manpearl, a market research consultant from Beverly Hills, California

Steve Peterson, a bank teller originally from Torrington, Wyoming

Diane McCain, a student from Van Nuys, California (whose 1-day cash winnings total $5,800)

[next game >>]

Jeopardy! Round responses

BRAZIL
SPORTS
THE '60s
4-LETTER WORDS
GEMS
FIRST NAME BASIS
    $100 1
the Tigers

Andi
    $100 2
the moon

Diane
    $100 8
(Diane: What's a carp?)

bass

DianeAndi
    $100 16
Diamond Lil

Diane
    $100 19
(Alex: [After the next clue selection] We've got less than a minute in this round.)

Charlie

Diane
    $200 3
(Diane: [No response])

Sugar Ray Leonard

DianeAndi
    $200 4
cigarettes

Andi
    $200 9
pass

Diane
    $200 17
Pearl

Andi
    $200 20
Romeo and Juliet

Diane
    $300 10
a split

Diane
    $300 5
the Twist

Andi
    $300 12
a play

Steve
    $300 18
(Steve: Uh, what is quartz?)

agate

Steve
Triple Stumper
    $300 21
Sonny and Cher

Diane
    $400 11
the America's Cup

Steve
    $400 6
(Diane: What is LaGuardia?)

John F. Kennedy Airport

DianeAndi
    $400 13
trim

Diane
    $400 22
(Diane: Who were Manny and Moe?)
(Steve: Uh, who are the Three Stooges?)

Moe & Larry

DianeSteve
Triple Stumper
    $500 14
decathlon

Diane
    $500 7
George Wallace

Steve
    $500 15
(Diane: What's name?)

a sash

Diane
Triple Stumper
    $500 23
(Diane: What are Woods?)
...
[The end-of-round signal sounds.]

Bob & Carol & Ted & Alice

DianeAndi

Scores at the first commercial break (after clue 7):

Diane Steve Andi
-$500 $500 $1,200

Scores at the end of the Jeopardy! Round:

Diane Steve Andi
$100 $500 $2,000

Double Jeopardy! Round responses

THE AMERICAN REVOLUTION
LAW
MARK TWAIN
ISLANDS
BOTANY
LAST NAME BASIS
    $200 16
Washington

Steve
    $200 1
a shyster

Diane
    $200 3
a frog

Diane
    $200 14
(Alex: Yes, the [*] Atoll in the Pacific, do you know when [*]s first came out they were called atoms and then they were named after the [*] Atoll. I thought you would be interested in the fact that I knew that.)
[Laughter]

Bikini

Andi
    $200 19
rings

Diane
    $200 7
the Jacksons

Diane
    $400 17
(Benedict) Arnold

Diane
    $400 2
J. Edgar Hoover

Andi
    $400 5
Samuel (Langhorne) Clemens

Diane
    $400 15
(Andi: Ah.)

Devil's Island

SteveAndi
    $400 20
George Washington Carver

Diane
    $400 8
Murphy

Diane
    $600 4
Napoleon

Andi
    $600 12
Jim

Andi
    $800 23
(Andi: What is Queens?)
...
(Alex: Queens, I believe, is on Long Island, isn't it?)

the Bronx

Andi
    $600 21
"Edelweiss"

Diane
    $600 9
Columbo

Andi
    $800 6
(Diane: Incriminating your... what is incriminating yourself?)

illegal arrest

Diane
Triple Stumper
    $800 13
Halley's Comet

Diane
    $800 24
[The end-of-round signal sounds.]

Canada

Triple Stumper
    $800 22
(Alex: One minute left in the round.)

bonsai

Andi
    $800 10
Goldwyn

Steve
    $1000 18
(Steve: Uh, who is William Douglas?)

Learned Hand

Steve
Triple Stumper
    $1000 11
McDonald

Diane

Scores at the end of the Double Jeopardy! Round:

Diane Steve Andi
$4,100 $900 $4,000

[wagering suggestions for these scores]

Final Jeopardy! Round responses

U.S. STATES
SteveWhat is Michigan?
$900
AndiWhat is Michigan?
$1,000
DianeWhat is Michigan?
$2,000
Michigan

Final scores:

Diane Steve Andi
$6,100 $1,800 $5,000
2-day champion: $11,900 3rd place 2nd place

Game dynamics:

Coryat scores:

Diane Steve Andi
$4,100 $900 $4,800
20 R,
7 W
6 R,
3 W
14 R,
2 W
(including 1 DD)

Combined Coryat: $9,800

[game clues] [game scores] [suggest correction]

Game tape date: 1984-08-21
The J! Archive is created by fans, for fans. Scraping, republication, monetization, and malicious use prohibited; this site may use cookies and collect identifying information. See terms. The Jeopardy! game show and all elements thereof, including but not limited to copyright and trademark thereto, are the property of Jeopardy Productions, Inc. and are protected under law. This website is not affiliated with, sponsored by, or operated by Jeopardy Productions, Inc. Join the discussion at JBoard.tv.